Équipe d’Italie - le quiz - Statistiques

Statistiques générales
  • Ce quiz a été pris 34 fois
  • Le résultat moyen est 17 sur 20
Statistiques - réponses
Question Réponse % Correct
Combien d’Euro la sélection a-t-elle remporté ? 2
100%
Combien de Coupe du Monde la sélection a-t-elle remporté au cours de son histoire ? 4
100%
Quel gardien de but de l’équipe sera élu joueur de la compétition ? Gianluigi Donnarumma
100%
À quand remonte la dernière fois que l’Italie a joué une Coupe du Monde ? 2014
97%
Contre qui l’Italie remporte l’Euro 2020 ? Angleterre
97%
Qui est le dernier italien à avoir remporté le Ballon d’or ? Fabio Cannavaro
97%
À quel poste jouait l’immense Dino Zoff ? Gardien de but
97%
Qui est actuellement le joueur ayant disputé le plus de matchs avec la Squadra Azzurra ? (176) Gianluigi Buffon
97%
Contre quel pays la Squadra Azzurra remporte-t-elle la finale du Mondial 82 ? Allemagne de l’Ouest
94%
Quel joueur iconique loupe son penalty, lors de la séance de tirs aux but en finale du Mondial 1994, sacrant le Brésil ? Roberto Baggio
94%
Qui est actuellement l’équipementier de l’Italie ? Adidas
90%
Où s’est joué la finale du Mondial 2006, voyant la Squadra Azzurra faire son retour sur le toit du monde ? Berlin
90%
En quelle année l’équipe remporte-t-elle sa première Coupe du Monde ? 1934
81%
Sur quel score s’incline la sélection en finale de l’Euro 2012 face à l’Espagne ? 4-0
81%
Quelle équipe élimine l’Italie lors de la Coupe du Monde 2002 ? Corée du Sud
74%
Quelle équipe, dans le temps additionnel des barrages, a privé l’Italie de participation au Mondial 2022 ? Macédoine du Nord
71%
Quelle équipe a éliminé l’Italie en huitièmes de finale de l’Euro 2024 ? Suisse
71%
Quelle star de l’équipe remporte le Ballon d’or la même année ? Paolo Rossi
68%
Qui est sélectionneur lors de succès, ayant été sur le banc de la Nazionale de 2018 à 2023 ? Roberto Mancini
58%
Qui est actuellement le meilleur buteur de l’histoire de la sélection? (35 buts) Luigi Riva
35%
Aucun quiz correspondant
Distribution des résultats
% des personnes avec chaque résultat
Percentile par nombre de réponses
Votre historique - résultats
Vous n’avez pas pris ce quiz